[Event "HUN-chT2 Charousek 1819"]
[Site "Hungary"]
[Date "2019.03.10"]
[Round "9.8"]
[White "Rigo, Janos"]
[Black "Borhy, Marcell Boldizsar"]
[Result "1/2-1/2"]
[WhiteElo "2243"]
[BlackElo "2195"]
[PlyCount "93"]
[EventDate "2018.09.23"]
[EventType "team-tourn"]
[EventRounds "11"]
[EventCountry "HUN"]
[SourceTitle "EXT 2021"]
[Source "ChessBase"]
[SourceDate "2020.10.23"]
[SourceVersion "1"]
[SourceVersionDate "2020.10.23"]
[SourceQuality "1"]
[WhiteTeam "Budapest HASE"]
[BlackTeam "Haladas Szombathely II"]
[WhiteTeamCountry "HUN"]
[BlackTeamCountry "HUN"]

1. e4 d6 2. f4 c5 3. Nf3 Nc6 4. Bb5 Bd7 5. c3 a6 6. Ba4 Nf6 7. d3 g6 8. 0-0 Bg7 9. e5 Nd5 10. Bb3 Nc7 11. exd6 exd6 12. Re1+ Ne7 13. Qe2 Be6 14. Ng5 Bxb3 15. axb3 h6 16. Ne4 Ne6 17. Na3 d5 18. Ng3 Qb6 19. Qf2 Qxb3 20. f5 gxf5 21. Nh5 Rg8 22. Nxg7+ Rxg7 23. Bxh6 Rg4 24. h3 Rg6 25. Be3 d4 26. cxd4 cxd4 27. Bxd4 Qxd3 28. Bc5 Rc8 29. Bxe7 Kxe7 30. Qh4+ Ke8 31. Qh8+ Kd7 32. Rad1 Rxh8 33. Rxd3+ Ke7 34. Nc4 Rhg8 35. Rd2 Kf6 36. Kh2 R6g7 37. Nd6 b5 38. Rf2 f4 39. g4 Rd8 40. Rd1 Rgg8 41. Rfd2 b4 42. Rd5 Ke7 43. Kg2 Rh8 44. h4 Rxd6 45. Rxd6 Rxh4 46. Rxa6 Rxg4+ 47. Kf2 1/2-1/2

[Event "HUN-chT2 Charousek 1819"]
[Site "Hungary"]
[Date "2019.01.27"]
[Round "6.5"]
[White "Rigo, Janos"]
[Black "Jakab, Bela"]
[Result "0-1"]
[WhiteElo "2243"]
[BlackElo "2311"]
[PlyCount "72"]
[EventDate "2018.09.23"]
[EventType "team-tourn"]
[EventRounds "11"]
[EventCountry "HUN"]
[SourceTitle "CBM 189 Extra"]
[Source "ChessBase"]
[SourceDate "2019.05.31"]
[SourceVersion "1"]
[SourceVersionDate "2019.05.31"]
[SourceQuality "1"]
[WhiteTeam "Budapest HASE"]
[BlackTeam "Gyor Szechenyi"]
[WhiteTeamCountry "HUN"]
[BlackTeamCountry "HUN"]

1. e4 e6 2. d4 d5 3. Nc3 Bb4 4. e5 c5 5. Nf3 cxd4 6. Qxd4 Nc6 7. Bb5 Qa5 8. Bd2 Nge7 9. Qg4 Bd7 10. Bd3 d4 11. Nxd4 Nxe5 12. Qxg7 Nxd3+ 13. cxd3 Rg8 14. Qxh7 Rxg2 15. Qe4 Rg6 16. Qxb7 Rc8 17. a3 Bxc3 18. bxc3 e5 19. c4 Qa4 20. Nb5 Bc6 21. Qxa7 Qxa7 22. Nxa7 Bxh1 23. Nxc8 Rg1+ 24. Ke2 Rxa1 25. Nd6+ Kf8 26. Bb4 Nc6 27. Nb5+ Kg8 28. Bc5 Kh7 29. Nc3 Kg6 30. Ke3 Kg5 31. Bd6 Kg4 32. f4 f5 33. a4 Bg2 34. Ne2 e4 35. dxe4 Bxe4 36. Nc3 Rc1 0-1

[Event "HUN-chT2 Charousek 1819"]
[Site "Hungary"]
[Date "2018.12.02"]
[Round "5.8"]
[White "Rigo, Janos"]
[Black "Szelenyi, Norbert"]
[Result "1/2-1/2"]
[WhiteElo "2243"]
[BlackElo "2307"]
[PlyCount "110"]
[EventDate "2018.09.23"]
[EventType "team-tourn"]
[EventRounds "11"]
[EventCountry "HUN"]
[SourceTitle "CBM 189 Extra"]
[Source "ChessBase"]
[SourceDate "2019.05.31"]
[SourceVersion "1"]
[SourceVersionDate "2019.05.31"]
[SourceQuality "1"]
[WhiteTeam "Budapest HASE"]
[BlackTeam "Ajka Banyasz"]
[WhiteTeamCountry "HUN"]
[BlackTeamCountry "HUN"]

1. e4 c5 2. Nf3 a6 3. b3 e6 4. Qe2 b5 5. Bb2 Bb7 6. g3 d6 7. Bg2 Nf6 8. d3 Be7 9. 0-0 0-0 10. Nbd2 Nc6 11. e5 Nxe5 12. Nxe5 Bxg2 13. Kxg2 dxe5 14. Qxe5 Qd5+ 15. Ne4 Qxe5 16. Bxe5 Nd5 17. a3 Rfd8 18. Rfe1 Rac8 19. c4 Nf6 20. Rad1 bxc4 21. Bxf6 gxf6 22. dxc4 f5 23. Nc3 Rb8 24. Rxd8+ Bxd8 25. Rb1 Bf6 26. Na4 Be7 27. Kf3 Kf8 28. Ke3 Ke8 29. Kd3 Kd7 30. Kc2 Kc6 31. Nb2 a5 32. Rd1 Rg8 33. Nd3 Bf6 34. f4 h5 35. Rd2 h4 36. gxh4 Rg4 37. h3 Rxh4 38. Rh2 Kd6 39. Rh1 Bd4 40. b4 cxb4 41. axb4 axb4 42. Kb3 Bc3 43. Nxb4 Bxb4 44. Kxb4 Kc6 45. Rh2 Rxf4 46. h4 Rg4 47. h5 Rg7 48. h6 Rh7 49. c5 f4 50. Kc4 f6 51. Kd4 f3 52. Ke3 Kxc5 53. Kxf3 Kd5 54. Kg4 Ke4 55. Re2+ Kd3 1/2-1/2

[Event "Harkany Tenkes Cup 42nd"]
[Site "Harkany"]
[Date "2018.11.27"]
[Round "6"]
[White "Rigo, Janos"]
[Black "Bodrogi, Bendeguz"]
[Result "1-0"]
[WhiteElo "2247"]
[BlackElo "1660"]
[PlyCount "115"]
[EventDate "2018.11.23"]
[EventType "swiss"]
[EventRounds "9"]
[EventCountry "HUN"]
[SourceTitle "CBM 187 Extra"]
[Source "ChessBase"]
[SourceDate "2018.11.04"]
[SourceVersion "1"]
[SourceVersionDate "2018.11.04"]
[SourceQuality "1"]

1. e4 c5 2. f4 Nc6 3. Nf3 d6 4. Bc4 e6 5. Nc3 Be7 6. 0-0 Nf6 7. d3 0-0 8. a4 b6 9. h3 Bb7 10. Re1 a6 11. g4 d5 12. Ba2 dxe4 13. Nxe4 Nb4 14. Qe2 Nxa2 15. Rxa2 Nd5 16. c4 Nb4 17. Ra3 Nc6 18. Be3 Qc7 19. Raa1 Rad8 20. Rad1 Nd4 21. Nxd4 cxd4 22. Bd2 Qc6 23. f5 exf5 24. gxf5 Rfe8 25. Qg4 Bc8 26. b3 Kh8 27. Qf3 Bf6 28. Rf1 h6 29. Qh5 Rxe4 30. dxe4 Kg8 31. Rde1 Be5 32. Bf4 Bxf4 33. Rxf4 Qc5 34. Qh4 d3+ 35. Qf2 d2 36. Rd1 Qb4 37. Rf3 Bb7 38. Re3 Qa3 39. f6 Qc1 40. Qf1 Qc2 41. Qe2 g6 42. e5 Bc8 43. Kh2 Bf5 44. e6 Bxe6 45. Rxe6 fxe6 46. Qxe6+ Kh8 47. Qe7 Rg8 48. Qe3 Kh7 49. Rxd2 Qf5 50. Rf2 Qd7 51. Qxb6 Re8 52. Qc5 Qf7 53. Qd5 Qc7+ 54. Kg2 Re3 55. f7 Qg3+ 56. Kf1 Qxh3+ 57. Qg2 Qh5 58. f8N+ 1-0

[Event "HUN-chT 1617"]
[Site "Hungary"]
[Date "2016.11.27"]
[Round "3.11"]
[White "Balint, Vilmos"]
[Black "Rigo, Janos"]
[Result "1-0"]
[WhiteElo "2334"]
[BlackElo "2236"]
[PlyCount "69"]
[EventDate "2016.10.30"]
[EventType "team-tourn"]
[EventRounds "9"]
[EventCountry "HUN"]
[SourceTitle "EXT 2018"]
[Source "ChessBase"]
[SourceDate "2017.10.13"]
[SourceVersion "1"]
[SourceVersionDate "2017.10.13"]
[SourceQuality "1"]
[WhiteTeam "DVTK"]
[BlackTeam "HASE Lila Futo"]
[WhiteTeamCountry "HUN"]
[BlackTeamCountry "HUN"]

1. Nf3 Nf6 2. g3 b5 3. Bg2 Bb7 4. Na3 a6 5. c4 b4 6. Nc2 e5 7. 0-0 e4 8. Nfe1 Be7 9. d3 0-0 10. Ne3 Re8 11. dxe4 Nxe4 12. Nd5 Bd6 13. Be3 a5 14. Qd3 Nc5 15. Qd2 Ne4 16. Qc2 Bxd5 17. cxd5 Nf6 18. Nd3 Ra6 19. Rfd1 Ng4 20. Bd4 Qg5 21. Qd2 Qh5 22. h3 Nh6 23. e4 f6 24. Nf4 Qf7 25. Rac1 Qe7 26. Nd3 c6 27. Re1 cxd5 28. e5 fxe5 29. Bxd5+ Kh8 30. Nxe5 Bxe5 31. Rxe5 Qf8 32. Rxe8 Qxe8 33. Bb7 Rc6 34. Bxc6 Nxc6 35. Rxc6 1-0

[Event "Mare di Fano op 5th"]
[Site "Fano"]
[Date "2016.08.06"]
[Round "9"]
[White "Rigo, Janos"]
[Black "Khadijah, Qurota Ain"]
[Result "0-1"]
[WhiteElo "2243"]
[BlackElo "1996"]
[PlyCount "54"]
[EventDate "2016.07.30"]
[EventType "swiss"]
[EventRounds "9"]
[EventCountry "ITA"]
[SourceTitle "CBM 173 Extra"]
[Source "ChessBase"]
[SourceDate "2016.08.29"]
[SourceVersion "1"]
[SourceVersionDate "2016.08.29"]
[SourceQuality "1"]

1. e4 c5 2. f4 d6 3. Nf3 g6 4. Bc4 Bg7 5. d3 e6 6. 0-0 Ne7 7. Qe1 Nbc6 8. c3 0-0 9. a4 d5 10. Bb3 c4 11. Bc2 Na5 12. dxc4 Nxc4 13. e5 Nxb2 14. Na3 Nc4 15. Nxc4 dxc4 16. Ba3 Re8 17. Ng5 Nd5 18. Rf3 f5 19. exf6 Nxf6 20. Rd1 Qb6+ 21. Kh1 Bf8 22. Rb1 Qc6 23. Bc1 b6 24. Qh4 Bb7 25. Nxh7 Nxh7 26. Bxg6 Qd7 27. Rg3 Qd1# 0-1

[Event "Mare di Fano op 5th"]
[Site "Fano"]
[Date "2016.08.04"]
[Round "7"]
[White "Rigo, Janos"]
[Black "Matsenko, Andrei"]
[Result "1/2-1/2"]
[WhiteElo "2243"]
[BlackElo "2327"]
[PlyCount "77"]
[EventDate "2016.07.30"]
[EventType "swiss"]
[EventRounds "9"]
[EventCountry "ITA"]
[SourceTitle "CBM 173 Extra"]
[Source "ChessBase"]
[SourceDate "2016.08.29"]
[SourceVersion "1"]
[SourceVersionDate "2016.08.29"]
[SourceQuality "1"]

1. e4 c6 2. Nf3 d5 3. Nc3 Bg4 4. h3 Bxf3 5. Qxf3 e6 6. exd5 cxd5 7. Bb5+ Nc6 8. 0-0 Nf6 9. Re1 Be7 10. Nd1 0-0 11. c3 a6 12. Ba4 b5 13. Bb3 Qc7 14. d3 h6 15. Ne3 Ne5 16. Qe2 Ng6 17. Ng4 Rfc8 18. Nxf6+ Bxf6 19. d4 b4 20. Bd2 bxc3 21. bxc3 Qd6 22. Bc2 Nf8 23. Bd3 Bd8 24. Reb1 Nd7 25. Rb3 Rcb8 26. Qf3 Bc7 27. g3 e5 28. Bf5 e4 29. Qg4 Nf8 30. Rab1 Qc6 31. h4 Rxb3 32. axb3 Qf6 33. Bf4 Bxf4 34. Qxf4 g6 35. Bh3 Qxf4 36. gxf4 f5 37. h5 Kg7 38. hxg6 Kxg6 39. f3 1/2-1/2

[Event "Mare di Fano op 5th"]
[Site "Fano"]
[Date "2016.08.03"]
[Round "6"]
[White "Csonka, Attila Istvan"]
[Black "Rigo, Janos"]
[Result "1/2-1/2"]
[WhiteElo "2316"]
[BlackElo "2243"]
[PlyCount "84"]
[EventDate "2016.07.30"]
[EventType "swiss"]
[EventRounds "9"]
[EventCountry "ITA"]
[SourceTitle "CBM 173 Extra"]
[Source "ChessBase"]
[SourceDate "2016.08.29"]
[SourceVersion "1"]
[SourceVersionDate "2016.08.29"]
[SourceQuality "1"]

1. e4 c5 2. Nf3 Nc6 3. d4 cxd4 4. Nxd4 Nf6 5. Nc3 g6 6. Nb3 Bg7 7. Be2 0-0 8. 0-0 e6 9. Bf3 Ne5 10. Bf4 Nxf3+ 11. Qxf3 d5 12. exd5 Nxd5 13. Rad1 Qf6 14. Nxd5 exd5 15. c3 g5 16. Be3 Qxf3 17. gxf3 h6 18. Rxd5 Be6 19. Rd2 a5 20. Nc5 Bxa2 21. Ra1 Bc4 22. Nxb7 a4 23. Bd4 Rfb8 24. Nc5 Bb5 25. Bxg7 Kxg7 26. Rd6 Be2 27. Rxa4 Bxf3 28. Rxa8 Rxa8 29. Ra6 Rd8 30. Ra1 Rd2 31. Rb1 Bd5 32. b3 g4 33. c4 Bf3 34. b4 Rc2 35. Nb3 Rxc4 36. Nd2 Rc6 37. b5 Rb6 38. Nxf3 gxf3 39. h3 f5 40. Kh2 f4 41. Rb4 Kg6 42. Rxf4 Rxb5 1/2-1/2

[Event "Mare di Fano op 5th"]
[Site "Fano"]
[Date "2016.07.31"]
[Round "2"]
[White "Rigo, Janos"]
[Black "Klekowski, Maciej"]
[Result "0-1"]
[WhiteElo "2243"]
[BlackElo "2429"]
[PlyCount "60"]
[EventDate "2016.07.30"]
[EventType "swiss"]
[EventRounds "9"]
[EventCountry "ITA"]
[SourceTitle "CBM 173 Extra"]
[Source "ChessBase"]
[SourceDate "2016.08.29"]
[SourceVersion "1"]
[SourceVersionDate "2016.08.29"]
[SourceQuality "1"]

1. e4 c5 2. Nf3 e6 3. c4 Nc6 4. Nc3 Nf6 5. d3 d5 6. cxd5 exd5 7. Bg5 Be7 8. Bxf6 Bxf6 9. Nxd5 Bxb2 10. Rb1 Bf6 11. Qa4 0-0 12. Be2 Rb8 13. 0-0 Bd7 14. Rfe1 Re8 15. h3 g6 16. Qc4 b6 17. Bd1 Bg7 18. Ba4 Na5 19. Qc2 b5 20. Qxc5 Rc8 21. Qxa7 Nc6 22. Qa6 Ra8 23. Qb6 Rxa4 24. Rec1 Nd4 25. Qxd8 Nxf3+ 26. gxf3 Rxd8 27. Nb6 Rxa2 28. Nxd7 Rxd7 29. Rc8+ Bf8 30. Rxb5 Kg7 0-1

[Event "Zalakaros op 35th"]
[Site "Zalakaros"]
[Date "2016.06.01"]
[Round "6"]
[White "Gorcsi, Gabor"]
[Black "Rigo, Janos"]
[Result "1-0"]
[WhiteElo "2304"]
[BlackElo "2238"]
[PlyCount "63"]
[EventDate "2016.05.27"]
[EventType "swiss"]
[EventRounds "9"]
[EventCountry "HUN"]
[SourceTitle "CBM 172 Extra"]
[Source "ChessBase"]
[SourceDate "2016.06.21"]
[SourceVersion "1"]
[SourceVersionDate "2016.06.21"]
[SourceQuality "1"]

1. e4 c5 2. Nc3 Nc6 3. f4 g6 4. Nf3 Bg7 5. Bc4 a6 6. a4 e6 7. f5 Nge7 8. fxe6 fxe6 9. 0-0 0-0 10. d3 d5 11. Ba2 b5 12. exd5 b4 13. dxc6 bxc3 14. bxc3 Bxc3 15. Rb1 Nd5 16. Qe2 Qd6 17. Bxd5 Qxd5 18. Qe4 Ra7 19. Be3 Qxe4 20. dxe4 Rc7 21. Bxc5 Re8 22. Rb3 Bg7 23. Rb6 Rd8 24. e5 Bh6 25. Kf2 Bf4 26. g3 Rd5 27. Bd6 Rxd6 28. exd6 Bxd6 29. Ke2 Bc5 30. Rb8 Rxc6 31. Ne5 Rc7 32. Rf7 1-0

[Event "Balatonalmadi Pannonia Cup 20th"]
[Site "Balatonalmadi"]
[Date "2015.07.31"]
[Round "4"]
[White "Bodi, Tibor"]
[Black "Rigo, Janos"]
[Result "1-0"]
[WhiteElo "2184"]
[BlackElo "2256"]
[PlyCount "37"]
[EventDate "2015.07.29"]
[EventType "swiss"]
[EventRounds "7"]
[EventCountry "HUN"]
[SourceTitle "EXT 2016"]
[Source "ChessBase"]
[SourceDate "2015.10.08"]
[SourceVersion "1"]
[SourceVersionDate "2015.10.08"]
[SourceQuality "1"]

1. e4 c5 2. Nf3 Nc6 3. d4 cxd4 4. Nxd4 Nf6 5. Nc3 d6 6. Bg5 e6 7. Qd2 h6 8. Be3 Ng4 9. 0-0-0 Nxe3 10. Qxe3 a6 11. Kb1 Be7 12. f4 0-0 13. e5 Nxd4 14. Qxd4 dxe5 15. Qe4 Qc7 16. fxe5 b5 17. Qxa8 Bb7 18. Qa7 Bc5 19. Rd7 1-0

[Event "HUN-chT2 Erkel 1415"]
[Site "Hungary"]
[Date "2014.10.05"]
[Round "1.5"]
[White "Papp, Andras"]
[Black "Rigo, Janos"]
[Result "0-1"]
[WhiteElo "2033"]
[BlackElo "2265"]
[PlyCount "152"]
[EventDate "2014.09.28"]
[EventType "team-tourn"]
[EventRounds "9"]
[EventCountry "HUN"]
[SourceTitle "EXT 2016"]
[Source "ChessBase"]
[SourceDate "2015.10.08"]
[SourceVersion "1"]
[SourceVersionDate "2015.10.08"]
[SourceQuality "1"]
[WhiteTeam "Andornaktalya"]
[BlackTeam "HASE"]
[WhiteTeamCountry "HUN"]
[BlackTeamCountry "HUN"]

1. Nf3 b6 2. g3 Bb7 3. Bg2 Nf6 4. d3 e6 5. 0-0 d5 6. c3 Nbd7 7. Nbd2 Be7 8. Qc2 c5 9. e4 Rc8 10. Re1 c4 11. dxc4 dxc4 12. Nd4 a6 13. e5 Nd5 14. f4 0-0 15. f5 Qc7 16. N2f3 exf5 17. e6 Nc5 18. exf7+ Rxf7 19. Ne5 Rff8 20. Nxf5 Bf6 21. Nxc4 Rcd8 22. Nce3 Nxe3 23. Bxe3 Bxg2 24. Bxc5 Be4 25. Qxe4 Qxc5+ 26. Ne3 b5 27. Rad1 g6 28. Qe6+ Kg7 29. Rd7+ Rxd7 30. Qxd7+ Rf7 31. Qd5 Qa7 32. Qe4 Re7 33. Qf4 h6 34. Qf2 Bg5 35. Nf5+ gxf5 36. Rxe7+ Qxe7 37. Qxf5 Qf6 38. Qd7+ Qe7 39. Qd4+ Qf6 40. Qd7+ Kf8 41. Qc8+ Kg7 42. Qd7+ Qe7 43. Qd4+ Kf7 44. Qd5+ Qe6 45. Qf3+ Bf6 46. a3 Qe1+ 47. Kg2 Qd2+ 48. Kh3 Qd7+ 49. Kg2 Kg7 50. h4 Qe6 51. Qb7+ Kg6 52. Qf3 h5 53. Qd3+ Qf5 54. Qe2 Be5 55. a4 Bf6 56. axb5 axb5 57. Kh2 Be5 58. Kg2 Bd6 59. Qe8+ Kg7 60. Qe2 Qd5+ 61. Kh2 Kf6 62. Qf2+ Ke6 63. Qe2+ Kd7 64. Qf2 Kc6 65. Qe3 Kb7 66. Qe2 Kb6 67. Qf2+ Ka6 68. Qe2 Qe5 69. Qf2 Qe4 70. Kh3 Qh1+ 71. Qh2 Qf3 72. Qg1 Qg4+ 73. Kg2 Qxg3+ 74. Kf1 Qd3+ 75. Kg2 Qe4+ 76. Kf1 Qb1+ 0-1

[Event "Zalakaros op 33rd"]
[Site "Zalakaros"]
[Date "2014.05.31"]
[Round "9"]
[White "Gara, Ticia"]
[Black "Rigo, Janos"]
[Result "1-0"]
[WhiteElo "2338"]
[BlackElo "2266"]
[PlyCount "95"]
[EventDate "2014.05.23"]
[EventType "swiss"]
[EventRounds "9"]
[EventCountry "HUN"]
[SourceTitle "CBM 160 Extra"]
[Source "ChessBase"]
[SourceDate "2014.07.01"]
[SourceVersion "1"]
[SourceVersionDate "2014.07.01"]
[SourceQuality "1"]

1. e4 c5 2. Nf3 Nc6 3. d4 cxd4 4. Nxd4 g6 5. c4 Bg7 6. Be3 d6 7. Nc3 Nf6 8. Be2 0-0 9. 0-0 Bd7 10. Nc2 Rc8 11. f3 Na5 12. Na3 a6 13. Rc1 Be6 14. Nd5 Nxd5 15. cxd5 Bxb2 16. dxe6 Bxa3 17. Rxc8 Qxc8 18. Bh6 Qc5+ 19. Kh1 Rc8 20. exf7+ Kxf7 21. f4 Bc1 22. Qe1 Qc2 23. Bg5 Qxe4 24. Bg4 Qxe1 25. Rxe1 Rc7 26. Bxe7 Bxf4 27. Bd8 Rc5 28. Rf1 Nc6 29. Rxf4+ Ke8 30. Bb6 Rc1+ 31. Bg1 Ne5 32. h3 h5 33. Bf3 b5 34. Bd5 a5 35. Kh2 a4 36. Rb4 g5 37. Be3 Rd1 38. Rd4 Rb1 39. Bxg5 b4 40. Be6 Rb2 41. Kg3 Nf7 42. Bf4 Ne5 43. Rd2 a3 44. Rxd6 h4+ 45. Kxh4 Ng6+ 46. Kg3 Nxf4 47. Kxf4 Rxg2 48. Rb6 1-0

[Event "Zalakaros op 33rd"]
[Site "Zalakaros"]
[Date "2014.05.24"]
[Round "2"]
[White "Rigo, Janos"]
[Black "Balazs, Gabor1"]
[Result "0-1"]
[WhiteElo "2266"]
[BlackElo "2397"]
[PlyCount "112"]
[EventDate "2014.05.23"]
[EventType "swiss"]
[EventRounds "9"]
[EventCountry "HUN"]
[SourceTitle "CBM 160 Extra"]
[Source "ChessBase"]
[SourceDate "2014.07.01"]
[SourceVersion "1"]
[SourceVersionDate "2014.07.01"]
[SourceQuality "1"]

1. e4 c5 2. Nf3 e6 3. c3 d5 4. Bb5+ Bd7 5. Bxd7+ Qxd7 6. exd5 Qxd5 7. 0-0 Nf6 8. Na3 Be7 9. Qa4+ Nc6 10. Nc4 0-0 11. Re1 Rfd8 12. Nce5 Nxe5 13. Rxe5 Qd3 14. Re3 Qf5 15. Re5 Qd3 16. Re3 Qd6 17. d4 cxd4 18. Nxd4 e5 19. Nf3 Qd1+ 20. Qxd1 Rxd1+ 21. Re1 Rxe1+ 22. Nxe1 Bc5 23. Kf1 Rd8 24. Bg5 Rd6 25. Bxf6 Rxf6 26. Nd3 Bd6 27. Re1 Re6 28. f3 f5 29. h3 Kf7 30. c4 b6 31. a3 a5 32. b4 axb4 33. axb4 e4 34. fxe4 fxe4 35. Nf2 Bxb4 36. Rxe4 Bc5 37. Rf4+ Rf6 38. g3 Rxf4 39. gxf4 Kf6 40. Nd3 Kf5 41. Ke2 Ke4 42. Kd2 h5 43. Ke2 h4 44. f5 Kxf5 45. Kf3 g5 46. Nb2 Ke5 47. Na4 Bd4 48. Kg4 Kf6 49. c5 Bxc5 50. Nc3 Kg6 51. Nb5 Be7 52. Nc7 Bd6 53. Nb5 Be5 54. Na7 Bf4 55. Nb5 Kf6 56. Nd4 Ke5 0-1